| 000 | 00472cam a22001097a 4500 | ||
|---|---|---|---|
| 008 | 180718b1973 xxu||||| |||| 00| 0 eng d | ||
| 082 | _aI55 Un3 | ||
| 245 |
_aResearch proposals: a guide for scientists, technologists and research institutes in developing countries _cby Department of Economic and Social Affairs, United Nations |
||
| 260 |
_aNew York _bUnited Nations publications _c1973 |
||
| 300 | _a37+p | ||
| 700 | _aUnited Nations. Department of Economic and Social Affairs | ||
| 999 |
_c491581 _d491581 |
||